दो एकम दो / (Record no. 111469)

MARC details
000 -LEADER
fixed length control field 01039nam a22002777a 4500
003 - CONTROL NUMBER IDENTIFIER
control field dpl
005 - DATE AND TIME OF LATEST TRANSACTION
control field 20190211102004.0
008 - FIXED-LENGTH DATA ELEMENTS--GENERAL INFORMATION
fixed length control field 190211b ||||| |||| 00| 0 eng d
010 ## - LIBRARY OF CONGRESS CONTROL NUMBER
LC control number B-154395
020 ## - INTERNATIONAL STANDARD BOOK NUMBER
Terms of availability 175.00
International Standard Book Number 8188600564
035 ## - SYSTEM CONTROL NUMBER
System control number B-154395, B-154399
037 ## - SOURCE OF ACQUISITION
Source of stock number/acquisition Cen Lib/Ret
040 ## - CATALOGING SOURCE
Original cataloging agency DPL
Language of cataloging HN
Transcribing agency 0
082 ## - DEWEY DECIMAL CLASSIFICATION NUMBER
Classification number 821
Item number दुबेवि
100 ## - MAIN ENTRY--PERSONAL NAME
Personal name दुबे, विनय
9 (RLIN) 43001
245 ## - TITLE STATEMENT
Title दो एकम दो /
Statement of responsibility, etc विनय दुबे
246 ## - VARYING FORM OF TITLE
Title proper/short title Do ekam do
Remainder of title by Vinay Dube
260 ## - PUBLICATION, DISTRIBUTION, ETC. (IMPRINT)
Name of publisher, distributor, etc साक्षरा प्रकाशन
Place of publication, distribution, etc दिल्ली
Date of publication, distribution, etc 2003
270 ## - ADDRESS
Address सी-4/ईस्ट ज्योति नगर, शाहदरा
City दिल्ली
Postal code 110093
300 ## - PHYSICAL DESCRIPTION
Extent 160पृ.
Dimensions 21सेमी (सजिल्द)
650 ## - SUBJECT ADDED ENTRY--TOPICAL TERM
Topical term or geographic name as entry element हिंदी -- नाटक
9 (RLIN) 43002
650 ## - SUBJECT ADDED ENTRY--TOPICAL TERM
Topical term or geographic name as entry element हिंदी साहित्य
9 (RLIN) 43003
650 ## - SUBJECT ADDED ENTRY--TOPICAL TERM
Topical term or geographic name as entry element Hindi -- play
9 (RLIN) 43004
650 ## - SUBJECT ADDED ENTRY--TOPICAL TERM
Topical term or geographic name as entry element Hindi literature
9 (RLIN) 43005
942 ## - ADDED ENTRY ELEMENTS (KOHA)
Source of classification or shelving scheme Dewey Decimal Classification
Koha item type Hindi Books
Classification part 821
Call number suffix दुबेवि
Holdings
Withdrawn status Lost status Damaged status Not for loan Home library Current library Date acquired Source of acquisition Cost, normal purchase price Total Checkouts Full call number Barcode Date last seen Copy number Cost, replacement price Price effective from Koha item type Source of classification or shelving scheme Collection code
        Central Library Central Library 03/08/2015 Cen Lib/Ret 175.00   821 दुबेवि B-154395 03/08/2015 1 175.00 03/08/2015 Hindi Books    
        Shahdara Branch Shahdara Branch 11/02/2019 BPPD/PUB 175.00   821 दुबेवि B-154399 11/02/2019   175.00 11/02/2019 Hindi Books Dewey Decimal Classification Non-fiction

© Delhi Public Library
Hit Counter
free hit counter